1715 1729 1679 1607 1828 1877 1023 1309 1830 1460 1805 1073 1575 1289 1160 1634 1428 1768 1042 1322 1423 1275 1273 1469 1231 1888 1774 1588 1312 1819 1383 1346 1816 1918 1489 1728 1437 1359 1587 1813 1757 1855 1662 1880 1320 1446 1151 1514 1906 1825 1670 1306 1555 1817 1493 1961 1330 1781 1258 1966 1358 1281 1203 1476 1226 1503 1853 1003 1474 1549 1450 1217 1325 1772 1659 1161 1149 1527 1239 1460 1304 1362 1772 1565 1185 1213 1624 1416 1429 1531 1925 1104 1136 1426 1635 1841 1850 1095 1567 BCNSPRNW ULIB Ver.6.0+V

เปลี่ยนเป็นภาษาไทย

Change to English
 แสดงรายละเอียดบรรณานุกรม
  กลับหน้าหลัก

Brief Record : Get Marc (ISO 2709) : E-mail record : QR code < ปิดหน้าต่าง
LEADER : 00000nam 2200000uu 4500
001    13399122898
003     ULIB
008    131028s2010||||th 000 0 eng d
020    ^a9781437701708 (pbk.)
060 04 ^aQZ17^bK63r 2010
100 1  ^aKlatt, Edward C.,^d1951-
245 10 ^aRobbins and Cotran atlas of pathology /^cEdward C. Klatt
246 30 ^aAtlas of pathology
250    ^a2nd ed.
260    ^aPhiladelphia, Pa. :^bSaunders/Elsevier,^c2010
300    ^axii, 577 p. :^bill. (some col.) ;^c28 cm.
500    ^aIncludes index
505 0  ^aBlood vessels -- The heart -- Hematopathology -- Red bloodcell disorders -- The lung -- Head and neck -- The gastrointestinal tract -- The liver and biliary tract -- The pancreas -- The kidney -- The lower urinary tract -- The male genital tract -- The female genital tract -- The breast -- The endocrine system -- The skin -- Bones, joints, and soft tissue tumors -- Peripheral nerve and skeletal muscle -- The central nervous system -- The eye
650  2 ^aPathology^vAtlases
700 1  ^aRobbins, Stanley L.^q(Stanley Leonard),^d1915-2003
700 1  ^aCotran, Ramzi S.,^d1932-2000
945    ^p0^l0^i034116
999    ^aเกษร โพธิ์สุวรรณ
รายการนี้ยังไม่มีแท็ก
คุณยังไม่ได้ล็อกอิน คุณสามารถมีกิจกรรมร่วมกับเว็บไซต์ได้ แต่ต้องล็อกอินก่อน ::
  ล็อกอิน

รายการสื่อสารสนเทศ

ลำดับที่ ประเภท เลขเรียก/บาร์โค้ด สถานที่ สถานะ
1. Book การพยาบาล
Book การพยาบาล
QZ17 K63r 2010  
  Barcode: 034116
ห้องสมุดวิทยาเขตสวรรค์ประชารักษ์
►หนังสือทั่วไป
บนชั้น

BibComment


ยังไม่เคยถูกคอมเมนท์

คอมเมนท์ทรัพยากรรายการนี้
  คอมเมนท์: Robbins and Cotr..


 Copyright 2026. Bcnsprnw @Library